000 00566nam a2200217 a 4500
999 _c5222
_d5222
001 5222
003 BD-JhCC
005 20171210185531.0
008 171210s1969 e b|||| || | 000 0 eng d
035 _a(BD-JhCC)5222
040 _aBD-JhCC
_dBD-JhCC
041 _aeng
082 _a355.005
_bARM 1969
245 _aArmy Quarterly and Defence Journal /
_cR. F. K. Goldsmith
260 _aLondon :
_bWilliam Clowes & Sons Limited,
_c1969.
300 _a128 p. :
_c18 cm.
650 _aArmies
700 _aGoldsmith, R. F. K.
942 _2ddc
_cBK